| 000 | 00577nam a2200181Ia 4500 | ||
|---|---|---|---|
| 003 | GCL | ||
| 008 | 140319s9999 xx 000 0 ara d | ||
| 040 |
_aGCL / _cGCL |
||
| 082 | 0 | 4 |
_a808.38766 _bم ب |
| 100 | 1 | _aمها مظلوم خضر | |
| 245 | 1 | 0 |
_aبناء رواية الخيال العلمى فى الادب المصرى المعاصر / _cمها مظلوم خضر |
| 250 | _aالاولى | ||
| 300 |
_a291 ص ؛ _c24 سم |
||
| 650 | 0 | 4 | _aالقصص الخرافية |
| 650 | 0 | 4 | _aالقصص العلمية |
| 650 | 0 | 4 | _aفن كتابة القصة |
| 942 |
_2ddc _cBK |
||
| 999 |
_c5588 _d5588 |
||